000
00405 a2200193 4500
245
_a
Manuel clinique d'acupuncture traditionnelle
100
_a
Boesarello, J.
260
_c
1981
300
_a
236 p.
035
_a
2837
035
_a
2838
035
_a
2835
035
_a
4136
035
_a
2836
035
_a
3228
999
_c
17534
_d
17534